00694nam a2200241 a 4500001001300000003000900013005001700022008004100039020001000080082001500090100001600105245005200121260003800173300000900211500003500220505001800255650001800273700001600291902000800307942000700315952011500322999001500437nice12345678IN_TiNIC20260116011358.0050524s1965 lona grp 000 0 eng  ac86400a270.8bPAC aPacker, J I aAll in Each Placeb Towards Re-Union in England aLondonbMarcham Manor Pressc1965 a237p aincludes index and biblioraphy2 aGeneral Index aEcumenicalism1 aPacker, J I bSRS cBK 001040708StackRoom-aHMIbHMId2005-05-24g864.00l0o270.8 PACp03254r2005-05-24v864.00w2005-05-24yBK c1011d1011